La nueva imagen en la pintura: la realización del neoplasticismo en la arquitectura del futuro lejano y de hoy

সংরক্ষণ করুন:
গ্রন্থ-পঞ্জীর বিবরন
প্রধান লেখক: Mondrian, Piet (autor)
বিন্যাস: গ্রন্থ
ভাষা:স্প্যানিশ
প্রকাশিত: Murcia Colegio Oficial de Aparejadores y Arquitectos Técnicos de la Región de Murcia 2007
মালা:Colección de Arquitectura, 9
বিষয়গুলি:
ট্যাগগুলো: ট্যাগ যুক্ত করুন
কোনো ট্যাগ নেই, প্রথমজন হিসাবে ট্যাগ করুন!

MARC

LEADER 00000cam a2200000 a 4500
001 UCG8355
003 CL-VaPUC
005 20220302162806.0
008 111202e20070000SP |||||||||||||||||spa|d
999 |c 345970  |d 345968 
020 |a 9788450090192 
040 |c Pontificia Universidad Católica de Valparaíso 
082 0 4 |a 709.04052  |b MON  |2 21 
100 |a Mondrian, Piet  |e autor  |9 866877 
245 1 3 |a La nueva imagen en la pintura: la realización del neoplasticismo en la arquitectura del futuro lejano y de hoy 
260 |a Murcia  |b Colegio Oficial de Aparejadores y Arquitectos Técnicos de la Región de Murcia  |c 2007 
300 |a 138 p 
490 0 |a Colección de Arquitectura, 9 
583 |a last modification  |c 20111202 14:14:00  |k Rodrigo Vera 
650 7 |a NEOPLASTICISMO  |2 CL-VaPUC  |9 331203 
650 7 |a PINTORES HOLANDESES  |2 CL-VaPUC  |9 559360 
650 0 |a Pintura  |9 265046 
942 |c BK  |2 ddc 
945 |d 20111202 00:00:00  |a dcastane 
952 |0 0  |1 0  |4 0  |6 709_040520000000000_MON_2007  |7 0  |8 R  |9 446376  |a BIBART  |b BIBART  |d 2019-11-22  |i 4810058  |l 4  |o 709.04052 MON 2007  |p 4810058  |r 2025-03-13  |s 2022-06-20  |w 2019-11-22  |y BK_R  |k ART